000 01324cam a22002653a 4500
001 37766
003 PGUSA
005 20140828083829.0
008 111016s2011||||xxu|||||s|||||000 1 eng d
040 _aPGUSA
_beng
042 _adc
050 4 _aPL
100 1 _aPu, Songling,
_d1640-1715
245 1 0 _aStrange Stories from the Lodge of Leisures
_h[electronic resource] /
_cSongling Pu
260 _bProject Gutenberg,
_c2011
505 0 _aThe ghost in love -- The fresco -- The dwarf hunters -- The corpse of the blood-drinker -- Love rewarded -- The woman in green -- The fault and its consequences -- Deceiving shadows -- Peaceful-light -- Hong the currier -- Autumn-moon -- The princess Nelumbo -- The two brothers -- The marble arch -- The dutiful son -- Through many lives -- The river of sorrows -- The mysterious island -- The spirit of the river -- The devils-of-the-ocean -- Unknown devils -- Childless -- The patch of lamb's skin -- Love's-slave -- The laughing ghost.
506 _aPublic domain in the USA.
516 _aElectronic text
653 _aChinese fiction -- Translations into English
653 _aGhost stories, Chinese
700 1 _aSouliƩ de Morant, G.
_q(Georges),
_d1878-1955
830 0 _aProject Gutenberg
_v37766
856 4 0 _uhttp://www.gutenberg.org/ebooks/37766
942 _cEB
999 _c267020
_d267020